000 00722nam a2200205 i 4500
001 135835
003 ES-MaACL
005 20230906194952.0
007 t|
008 070214s1970 sp r ||||1| spa d
100 1 _aRousseau, Jean-Jacques.
_9100055
245 1 0 _aDiscurso sobre el origen y los fundamentos de la desigualdad entre los hombres /
_cJean-Jacques Rousseau ; introducción de Lluis Crespo ; traducción de Melitón Bustamante Ortiz.
250 _a1ª. ed.
260 _aBarcelona :
_bPenínsula,
_c1970.
300 _a156 p. ;
_c18 cm.
650 0 4 _aIgualdad.
_913579
700 1 _aBustamante Ortiz, Melitón.
_932877
700 1 _aCrespo Arrufat, Luis.
_9158374
852 _aES-MaACL
_jC-53492
_bR.72847
999 _c135835
_d135835